00434nam a22001937a 450000500170000001000130001702000180003003500130004803700080006108200120006910000150008124500140009626000140011027000140012430000320013849000310017050000190020170000200022020220713165440.0 aB-021019 a9788171816842 aB-021019 adpl a523.112 aCHILD BOOK aGalaxies  aNew Delhi bNew Delhi a30p.bill (col)c29 cm (Hb) aScience in our environment aage 7-11 group aJauhry, Anupama